| 000 | 01401nam a2200337 a 4500 | ||
|---|---|---|---|
| 001 | 0000391 | ||
| 003 | DO-SdBNP | ||
| 005 | 20160513140453.0 | ||
| 007 | 0000391 | ||
| 008 | 150817s2000 ac spa d | ||
| 020 | _a8482612026 | ||
| 040 |
_aBPMSU _bspa _cBPMSU |
||
| 092 |
_a372.61 _bG216e 7mo. 2000 |
||
| 100 | 1 | _aGarcía Cartagena, Manuel | |
| 245 | 1 | 0 |
_aEspañol 7 _beducación básica / _cManuel García Cartagena ; ilustración Ruddy Núñez ; dirección editorial Obdulia García de Escobar |
| 260 |
_aSanto Domingo : _bSantillana, _c2000. |
||
| 300 |
_a191 p : _bil. retrs. _c28 cm. |
||
| 490 | 0 | _aUmbral | |
| 505 | 1 |
_tTradiciones dominicanas -- _tConoce y cuida tu cuerpo -- _tVivir como dominicanos -- _tRetrato de familia -- _tNaturalmente alegres -- _tLos tiempos de la vida -- _tLa ciudad es un teatro -- _tLa ciencia por aquí y por allá -- _tTienes derechos -- _t¡Qué manera de ser alguien! -- _tEncantos de mi país -- _tLas formas del amor -- |
|
| 650 |
_aGRAMÁTICA _xENSEÑANZA BÁSICA |
||
| 650 |
_aGRAMÁTICA _xEDUCACIÓN PRIMARIA |
||
| 650 |
_aEDUCACIÓN BÁSICA _zREPÚBLICA DOMINICANA |
||
| 650 |
_aGRAMÁTICA _xLIBROS DE TEXTO |
||
| 650 |
_aGRAMÁTICA _xESTUDIOS Y EJERCICIOS |
||
| 700 | 1 |
_aNúñez, Ruddy _eil. |
|
| 700 | 1 |
_aGarcía de Escobar, Obdulia _edir. ed. |
|
| 830 | 0 | _aUmbral | |
| 910 | _a00144 | ||
| 942 |
_2ddc _cBK |
||
| 956 |
_aYngrid Lockward _b10 |
||
| 999 |
_c10143 _d10143 |
||